00541nam a2200157 a 4500001000500000005001700005008004100022020001800063050002200081100002000103245007400123260004000197300001700237999001900254952011000273271620140414131854.0050927s19uu xx 00 eng d a0-307-15557-9 aM 398.2bJ13 1955 aKathryn Jackson aThe golden books of 365 stories :ba story for every day of the year. aNew York :bA Golden Book, Western. a236 p. ; cm. c110363d110363 001040aMUbMUcMd2005-09-27eDonationl0oM 398.2 J13 1955pM0754r2014-04-14 00:00:00w2014-04-14yBK